Podnikanie neziskových organizácií tretieho sektora v SR

Viaczdrojovosť ako typická črta financovania organizácií tretieho sektora. Podnikanie ako metóda samofinancovania. Rozdelenie organizácií tretieho sektora podľa právnej úpravy podnikania.

Saved in:
Bibliographic Details
Main Author: Bukovová, Sylvia, 1959-
Format: Book Chapter
Language:Slovak
Subjects:
Tags: Add Tag
No Tags, Be the first to tag this record!

MARC

LEADER 00000nla a2200000 4500
001 0162598
005 20240502072821.5
041 0 |a slo 
044 |a SK 
245 1 0 |a Podnikanie neziskových organizácií tretieho sektora v SR  |c Sylvia Bukovová 
520 |a Viaczdrojovosť ako typická črta financovania organizácií tretieho sektora. Podnikanie ako metóda samofinancovania. Rozdelenie organizácií tretieho sektora podľa právnej úpravy podnikania. 
610 2 0 |a organizácie neziskové 
610 2 0 |a nadácie 
610 2 0 |a združenia občianske 
610 2 0 |a strany politické 
610 2 0 |a organizácie náboženské 
610 2 0 |a podnikanie 
610 2 0 |a samofinancovanie 
610 2 0 |a legislatíva 
100 1 |a Bukovová, Sylvia, 1959-